| 000 | 00778nam a22001577a 4500 | ||
|---|---|---|---|
| 003 | OSt | ||
| 005 | 20151007104726.0 | ||
| 008 | 151007b xxu||||| |||| 00| 0 eng d | ||
| 040 | _cRUA | ||
| 082 | _aAVM HEN 2007 B079 Or.1 | ||
| 100 |
_92256 _aHENG, SEYHA. |
||
| 245 | _athe effect of using brewery waste on growth rate of quail at village d'enfant sihanouk ville ( ប្រសិទ្ធភាពនៃការប្រើប្រាស់កាកស្រាបៀរលើការលូតលាស់របស់ក្រួចនៅកន្លែងចិញ្ចឹមសត្វមណ្ឌលបុរីកុមារ ក្រុុងព្រះសីហនុ) | ||
| 260 |
_aPhnom Penh _bRUA _c2007 |
||
| 300 |
_axi, 47p. _bill. _c29cm. |
||
| 942 |
_2ddc _cAVM |
||
| 999 |
_c2125 _d2125 |
||